| 000 | 01016cam a2200301 4500 | ||
|---|---|---|---|
| 001 | 17006 | ||
| 003 | BD-RjUL | ||
| 005 | 20211209000056.0 | ||
| 008 | 140216r19851967mdubc b 000 1 eng | ||
| 035 | _a(BD-RjUL)17063 | ||
| 040 |
_aDLC _cDLC _dDLC _dBD-RjUL _beng |
||
| 041 | _aeng | ||
| 082 | 0 | 4 |
_a813.5 _bMEB 1985 |
| 100 | 1 |
_aMelville, Herman, _d1819-1891. _942658 |
|
| 245 | 1 | 0 |
_aBilly Budd, sailor : _bAnd other stories / _cSelected and edited with an introd. by Harold Beaver. |
| 260 |
_aBaltimore : _bPenguin Books, _cc1967 [Reprinted 1985]. |
||
| 300 |
_a465 p. : _bport., map. ; _c18 cm. |
||
| 490 | 0 | _aThe Penguin English library, EL29 | |
| 504 | _aIncludes bibliographical references. | ||
| 650 | 0 |
_aExecutions and executioners _vFiction. _952463 |
|
| 650 | 0 |
_aShip captains _vFiction. _952200 |
|
| 650 | 0 |
_aImpressment _vFiction. _952464 |
|
| 650 | 0 |
_aSailors _xFiction. _952465 |
|
| 655 | 7 |
_aSea stories. _2lcsh _952470 |
|
| 942 |
_2ddc _cBK |
||
| 999 |
_c17006 _d17006 |
||